| 000 | 00675nam a2200205 a 4500 | ||
|---|---|---|---|
| 001 | 000023366 | ||
| 005 | 20200930022152.0 | ||
| 008 | 101203s1964 fr a r 000 0 spa d | ||
| 040 |
_aDO-SdBNP _bspa _cBNPHU |
||
| 082 |
_axxxxx _bG846a |
||
| 100 | 1 |
_aGribenski, André _948135 |
|
| 245 | 1 | 2 |
_aL´audition / _cAndré Gribenski. |
| 250 | _a2a ed. | ||
| 260 |
_aParís : _bPresses Universitaires de France, _c1964. |
||
| 300 |
_a126 p. : _bil. ; _c18 cm. |
||
| 490 | 1 |
_aQue sais-je?, le point des connaissances actuelles ; _v484 |
|
| 500 | _aIncluye notas al pie de las páginas. | ||
| 830 | 0 |
_aQue sais-je?, le point des connaissances actuelles ; _n484 _948136 |
|
| 049 | _aBNGR | ||
| 999 |
_c22863 _d22863 |
||